000 005200000a22001090004500
100 1 _aSáenz, Mauricio
245 1 0 _aUn engaño evidente : Negar la evidencia, nuevo libro de Bob Woodward
300 _aVol.0, núm.0 (Abril, 2007), Páginas 30-31
520 _aUno de los periodistas que destaparon el escándalo de Watergate denuncia la torpeza y las mentiras descaradas con que el gobierno de George W. Bush justificó su "guerra contra el terrorismo".
773 0 _tArcadia / Andrés Felipe Solano, Editor
942 _cANA
999 _c62083
_d62083